[Event "XV MIEDZYNARODOWY FESTIWAL SZACHOWY PERLA BALTYKU - GRUPA A"]
[Site "LAZY"]
[Date "1899-12-30"]
[Round "4.4"]
[White "Babiarz, Arkadiusz"]
[Black "Cukrowski, Filip"]
[Result "0-1"]
[WhiteTitle "I++"]
[BlackTitle "FM"]
[WhiteElo "1833"]
[BlackElo "2421"]

1. e4 c5 2. c3 Nf6 3. e5 Nd5 4. Nf3 Nc6 5. Bc4 e6 6. d4 Nb6 7. Bb3 d5 8. exd6 Bxd6
9. dxc5 Bxc5 10. Qxd8+ Nxd8 11. Nbd2 Be7 12. Nc4 Nxc4 13. Bxc4 b6 14. Bb5+ Kf8
15. Be3 f6 16. Ke2 e5 17. Rhd1 Be6 18. a4 Rb8 19. Ke1 Nb7 20. b4 Kf7 21. a5 bxa5
22. bxa5 Nc5 23. Bc6 Rb3 24. Bxc5 Bxc5 25. Rab1 Rhb8 26. Be4 Rb2 27. Rxb2 Rxb2
28. Rd2 Rb3 29. Bxh7 Rxc3 30. Rb2 Rb3 31. Rc2 Bb4+ 32. Nd2 Bxa5 33. Rc6 Rb2 34.
Rd6 Rxd2 35. Rxd2 Bxd2+ 36. Kxd2 g6 0-1

[Event "XV MIEDZYNARODOWY FESTIWAL SZACHOWY PERLA BALTYKU - GRUPA A"]
[Site "LAZY"]
[Date "1899-12-30"]
[Round "4.5"]
[White "Puksza, Andrzej"]
[Black "Jaroch, Karol"]
[Result "1/2-1/2"]
[WhiteTitle "I"]
[BlackTitle "m"]
[WhiteElo "1973"]
[BlackElo "2242"]

1. e4 e6 2. d4 d5 3. Bd3 Nf6 4. e5 Nfd7 5. f4 c5 6. c3 Nc6 7. Nf3 Qb6 8. Bc2 Be7
9. a3 h6 10. O-O cxd4 11. Kh1 dxc3 12. Nxc3 O-O 13. Qd3 f5 14. b4 Qd8 15. Be3
Kh8 16. g4 Nb6 17. g5 Nc4 18. Bc5 Qe8 19. Rg1 Rg8 20. Bxe7 Nxe7 21. gxh6 gxh6
22. Rxg8+ Qxg8 23. Rg1 Qf7 24. Bb3 b5 25. Nxb5 Bb7 26. Nfd4 Ng6 27. Qg3 Rg8 28.
Bd1 Ne7 29. Qh4 Rxg1+ 30. Kxg1 Qg7+ 31. Kf2 Nd2 32. Nd6 Ne4+ 33. Nxe4 dxe4 34.
Qf6 Bd5 35. b5 Qxf6 36. exf6 Ng6 37. Kg3 Nf8 38. Nc6 a6 39. a4 axb5 40. axb5 Nd7
41. f7 Kg7 42. Ne5 Nxe5 43. fxe5 Kxf7 44. b6 Ke7 45. Bb3 Bb7 46. Kf4 Kd7 47. h4
1/2-1/2

[Event "XV MIEDZYNARODOWY FESTIWAL SZACHOWY PERLA BALTYKU - GRUPA A"]
[Site "LAZY"]
[Date "1899-12-30"]
[Round "4.6"]
[White "Klusak, Piotr"]
[Black "Kostecka, Marika"]
[Result "1-0"]
[WhiteTitle "k"]
[BlackTitle "WCM"]
[WhiteElo "2152"]
[BlackElo "1924"]

1. d4 Nf6 2. c4 g6 3. Nc3 Bg7 4. e4 O-O 5. Nf3 d6 6. Be2 Na6 7. O-O e5 8. Be3 Ng4
9. Bg5 Qe8 10. dxe5 Nxe5 11. Rc1 Nc5 12. Nd5 f6 13. Be3 Qf7 14. Nxe5 fxe5 15.
Bxc5 dxc5 16. Bg4 c6 17. Ne3 Bxg4 18. Nxg4 Rad8 19. Qe2 h5 20. Ne3 Qf4 21. f3
Bh6 22. Rc3 Rd4 23. Re1 Rfd8 24. Nf1 Qf6 25. Rc2 a6 26. Rb1 Qd6 27. b3 Rd3 28.
Qf2 Rd1 29. Rxd1 Qxd1 30. Re2 Qc1 31. Re1 Rd1 32. Rxd1 Qxd1 33. g3 Qd4 34. Kg2
b5 35. Qe2 Kg7 36. h4 Bc1 37. Qc2 Bh6 38. Qe2 Bc1 39. Nh2 Qd8 40. Qc2 Be3 41.
Nf1 Bh6 42. cxb5 cxb5 43. Qxc5 Qd4 44. Qxd4 exd4 45. f4 Kf6 46. Kf3 Bf8 47. Ke2
Bb4 48. Kd3 Bc3 49. Nd2 Ke6 50. Nf3 Kf6 51. Nxd4 Be1 52. Ne2 Bf2 53. a4 bxa4 54.
bxa4 Ke6 55. Kc4 Bb6 56. Nd4+ Kd6 57. e5+ Ke7 58. Kd5 Kd7 59. f5 gxf5 60. Nxf5
Bf2 61. e6+ Ke8 62. Ng7+ Ke7 63. Nxh5 Be1 64. Ke5 Bc3+ 65. Kf5 Be1 66. Nf4 Bxg3
67. h5 Bf2 68. h6 Bd4 69. h7 1-0

[Event "XV MIEDZYNARODOWY FESTIWAL SZACHOWY PERLA BALTYKU - GRUPA A"]
[Site "LAZY"]
[Date "1899-12-30"]
[Round "4.7"]
[White "Hasinski, Krystian"]
[Black "Krainski, Aleksander"]
[Result "1-0"]
[WhiteTitle "I++"]
[BlackTitle "FM"]
[WhiteElo "1836"]
[BlackElo "2117"]

1. c4 e6 2. Nf3 d5 3. d4 Nf6 4. Nc3 Nbd7 5. e3 c6 6. Bd3 Be7 7. O-O O-O 8. Qe2
b6 9. e4 dxe4 10. Nxe4 Bb7 11. Rd1 Qc7 12. Neg5 c5 13. dxc5 Bxc5 14. h3 Rfe8 15.
Ne4 e5 16. b3 Nxe4 17. Bxe4 Bxe4 18. Qxe4 Nf6 19. Qe2 e4 20. Nd4 Qe5 21. Be3 g6
22. b4 Bf8 23. Rac1 Rac8 24. b5 Nh5 25. Nc6 Qc7 26. Qd2 Re6 27. Qd7 Ba3 28. Rc2
Rd6 29. Ne7+ Kg7 30. Rxd6 Bxd6 31. Qxc8 Qxe7 32. c5 bxc5 33. Bxc5 Nf4 34. Bxd6
Qxd6 35. Qc3+ Kh6 36. Qd2 1-0

[Event "XV MIEDZYNARODOWY FESTIWAL SZACHOWY PERLA BALTYKU - GRUPA A"]
[Site "LAZY"]
[Date "1899-12-30"]
[Round "4.8"]
[White "Kopaczewski, Adam"]
[Black "Szydelko, Michal"]
[Result "1-0"]
[WhiteTitle "I++"]
[BlackTitle "I"]
[WhiteElo "2046"]
[BlackElo "1843"]

1. e4 e5 2. Nc3 Nf6 3. g3 Bb4 4. Nge2 d5 5. exd5 Nxd5 6. Bg2 c6 7. O-O Be6 8. a3
Bxc3 9. Nxc3 O-O 10. d3 Nd7 11. Ne4 f6 12. Qe2 Qc7 13. f4 Rae8 14. f5 Bf7 15.
Kh1 Qb6 16. c4 Ne7 17. Be3 Qc7 18. Qg4 Kh8 19. Qh4 Rd8 20. g4 Nc8 21. Rf3 Nd6
22. Rh3 Bg8 23. Nd2 Nf7 24. Be4 Qd6 25. b4 a5 26. c5 Qe7 27. Nf3 axb4 28. axb4
Ra8 29. Rg1 Ra4 30. Qh5 Rfa8 31. b5 Ra1 32. bxc6 Rxg1+ 33. Bxg1 bxc6 34. Bxc6
Ra1 35. Bd5 Nf8 36. Rg3 Ng5 37. Be4 Nxf3 38. Bxf3 Qxc5 39. g5 Bd5 40. gxf6 Bxf3+
41. Qxf3 gxf6 42. Qb7 Ng6 43. fxg6 hxg6 44. Rxg6 Qf8 45. Qg2 Qc8 46. Rh6# 1-0

[Event "XV MIEDZYNARODOWY FESTIWAL SZACHOWY PERLA BALTYKU - GRUPA A"]
[Site "LAZY"]
[Date "1899-12-30"]
[Round "4.9"]
[White "Korosciel, Aneta"]
[Black "Starosta, Martyna"]
[Result "1-0"]
[WhiteTitle "m"]
[BlackTitle "WCM"]
[WhiteElo "1983"]
[BlackElo "1841"]

1. d4 Nf6 2. Nf3 g6 3. Bf4 Bg7 4. e3 d6 5. h3 c5 6. c3 Nbd7 7. Nbd2 O-O 8. Be2
Re8 9. Bh2 e5 10. dxe5 dxe5 11. Nc4 e4 12. Nfd2 Nb6 13. Nd6 Re6 14. N2c4 Nfd5
15. Nxb6 Nxb6 16. Nb5 Qg5 17. g4 Rc6 18. Nc7 Rxc7 19. Bxc7 Nd7 20. h4 Qe7 21.
h5 Be5 22. Bxe5 Nxe5 23. hxg6 hxg6 24. Qd5 Nxg4 25. Rd1 Bf5 26. Rg1 Nxe3 27. fxe3
Qh4+ 28. Kf1 Bh3+ 29. Rg2 Re8 30. Kg1 Bxg2 31. Kxg2 b6 32. Rf1 Re6 33. Rh1 Qe7
34. Qa8+ Qe8 35. Qxe8+ Rxe8 36. Bc4 Rd8 37. Kg3 Kg7 38. Rh2 f5 39. Kf4 Rd1 40.
Ke5 Re1 41. Be2 Rb1 42. Bb5 Re1 43. Rg2 Kf7 44. Rd2 Rxe3 45. Rd7+ Kg8 46. Kf6
Rg3 47. Rg7+ Kh8 48. Rxg6 Rh3 49. Kxf5 Rh2 50. Kxe4 Rxb2 51. a4 Ra2 52. Rg8+ Kh7
53. Ra8 a5 54. Rb8 Rc2 1-0

[Event "XV MIEDZYNARODOWY FESTIWAL SZACHOWY PERLA BALTYKU - GRUPA A"]
[Site "LAZY"]
[Date "1899-12-30"]
[Round "4.10"]
[White "Szydelko, Kazimierz"]
[Black "Betkowski, Andrzej"]
[Result "0-1"]
[WhiteTitle "I"]
[BlackTitle "k"]
[WhiteElo "1699"]
[BlackElo "2038"]

1. d4 g6 2. c4 Bg7 3. Nf3 f5 4. g3 Nf6 5. Bg2 d6 6. Nc3 O-O 7. O-O c6 8. Bg5 Qe8
9. Bxf6 Bxf6 10. e4 e5 11. d5 c5 12. Qd2 f4 13. Ne1 Qe7 14. f3 h5 15. Nd3 g5 16.
Ne2 Rf7 17. b4 cxb4 18. Nxb4 Nd7 19. Nd3 Nf8 20. Rac1 b6 21. a4 Qc7 22. Qb4 Nd7
23. Nc3 Nc5 24. Rfd1 fxg3 25. hxg3 g4 26. Nb5 Qd8 27. Nxc5 bxc5 28. Qa3 a6 29.
Nc3 Bg5 30. f4 exf4 31. e5 dxe5 32. Ne4 f3 33. Nxg5 Qxg5 34. Bf1 e4 35. d6 Qe5
36. Kf2 h4 37. Rd5 Qxg3+ 0-1

[Event "XV MIEDZYNARODOWY FESTIWAL SZACHOWY PERLA BALTYKU - GRUPA A"]
[Site "LAZY"]
[Date "1899-12-30"]
[Round "4.11"]
[White "Majocha, Piotr"]
[Black "Majewski, Krzysztof"]
[Result "1-0"]
[WhiteTitle "I++"]
[BlackTitle "II+"]
[WhiteElo "2005"]
[BlackElo "1727"]

1. c4 g6 2. Nc3 Bg7 3. Nf3 Nf6 4. d4 d6 5. h3 O-O 6. e4 e5 7. d5 c6 8. Be3 cxd5
9. cxd5 Nh5 10. g3 Nd7 11. Be2 Nc5 12. b4 Na6 13. a3 h6 14. Nd2 Nf6 15. g4 Ne8
16. Rc1 f5 17. gxf5 gxf5 18. exf5 Bxf5 19. Bg4 Qd7 20. Nde4 Rc8 21. Bxf5 Qxf5
22. Qg4 Rc7 23. Qxf5 Rxf5 24. Bxa7 Rd7 25. Ke2 Nac7 26. Rhg1 Rf8 27. Bb6 Kf7 28.
Rg3 Bf6 29. Rcg1 Na8 30. Be3 h5 31. Rf3 Nac7 32. Bg5 Ke7 33. Bxf6+ Nxf6 34. Rg7+
Kd8 35. Rxf6 1-0

[Event "XV MIEDZYNARODOWY FESTIWAL SZACHOWY PERLA BALTYKU - GRUPA A"]
[Site "LAZY"]
[Date "1899-12-30"]
[Round "4.12"]
[White "Sloniewski, Michal"]
[Black "Gorkiewicz, Mateusz"]
[Result "0-1"]
[WhiteTitle "I"]
[BlackTitle "I"]
[WhiteElo "1744"]
[BlackElo "1985"]

1. d4 d5 2. c4 e6 3. cxd5 exd5 4. Nc3 c6 5. Qc2 Bd6 6. Nf3 Ne7 7. e3 Bf5 8. Bd3
Bxd3 9. Qxd3 f6 10. O-O O-O 11. Rb1 Nd7 12. b4 b5 13. Nd2 Nb6 14. f3 Qc7 15. g3
a5 16. a3 Nc4 17. e4 axb4 18. axb4 Qb6 19. Kh1 Rfe8 20. f4 Nxd2 21. Bxd2 dxe4
22. Qxe4 Rad8 23. Rfe1 Bc7 24. Qe6+ Kf8 25. Ne4 Ng6 26. Qf5 Qxd4 27. Bc3 Qd5 28.
Qxd5 Rxd5 29. Nc5 Bb6 30. Ra1 Rxe1+ 31. Bxe1 Kf7 32. Bf2 Rd2 33. Ra6 Rxf2 34.
Rxb6 Ne7 35. Ne4 Rb2 36. Nd6+ Ke6 37. Nxb5 Kd5 38. Na7 Ra2 39. Rb7 Kd6 40. b5
c5 41. b6 Rb2 42. Rb8 c4 43. Nc8+ Nxc8 44. Rxc8 Kd5 45. Rd8+ Ke4 46. h4 Rxb6 47.
Rc8 Kf3 48. Rxc4 Kxg3 49. Rc3+ Kxf4 50. Kg2 g5 51. Rc4+ Kf5 52. h5 h6 53. Kg3
Rb3+ 54. Kg2 Re3 55. Ra4 g4 56. Kf2 Re4 57. Ra6 Kg5 58. Kg3 f5 59. Ra5 Re3+ 60.
Kg2 Rf3 61. Ra1 Kxh5 62. Ra4 Kg5 63. Rb4 h5 64. Ra4 h4 65. Ra8 h3+ 66. Kg1 Kf4
67. Ra2 Rb3 68. Rc2 g3 69. Rc1 Kf3 70. Rf1+ Kg4 71. Rc1 h2+ 0-1

[Event "XV MIEDZYNARODOWY FESTIWAL SZACHOWY PERLA BALTYKU - GRUPA A"]
[Site "LAZY"]
[Date "1899-12-30"]
[Round "4.13"]
[White "Jankowski, Igor"]
[Black "Sobczynski, Roman"]
[Result "0-1"]
[WhiteTitle "II+"]
[BlackTitle "I+"]
[WhiteElo "1662"]
[BlackElo "1849"]

1. b4 e5 2. Bb2 f6 3. a3 d5 4. e3 Be6 5. Nf3 Nd7 6. Be2 Bd6 7. O-O Ne7 8. d3 c6
9. Nbd2 a5 10. bxa5 Rxa5 11. Nb3 Ra8 12. c4 O-O 13. Nh4 Qc7 14. Qc2 dxc4 15. dxc4
c5 16. Nd2 f5 17. Nhf3 h6 18. e4 f4 19. h3 Nc6 20. Nh2 Nd4 21. Bxd4 cxd4 22. Ndf3
Rxa3 23. Rxa3 Bxa3 24. Nh4 Bd6 25. Bg4 Bxg4 26. Nxg4 Rc8 27. Nf5 Bf8 28. Qa4 Nc5
29. Qb5 Kh7 30. f3 h5 31. Nf2 g6 32. Nxd4 exd4 33. Rd1 Bg7 34. Kh2 Ra8 35. h4
Qc6 36. Qb1 Qf6 37. Nh3 Qxh4 38. Qb6 Qg3+ 39. Kh1 Ra2 40. Rg1 Nd3 41. Qd8 Nf2+
42. Nxf2 Rxf2 43. Qe7 d3 44. e5 d2 0-1

[Event "XV MIEDZYNARODOWY FESTIWAL SZACHOWY PERLA BALTYKU - GRUPA A"]
[Site "LAZY"]
[Date "1899-12-30"]
[Round "4.14"]
[White "Rogala, Milosz"]
[Black "Straszewski, Tomasz"]
[Result "0-1"]
[WhiteTitle "II"]
[BlackTitle "I"]
[WhiteElo "1791"]
[BlackElo "1674"]

1. e4 e5 2. Nf3 Nc6 3. d4 exd4 4. Bc4 Nf6 5. e5 d5 6. Bb5 Ne4 7. Nxd4 Bc5 8. c3
O-O 9. Bxc6 bxc6 10. O-O Re8 11. Be3 Qd7 12. f3 Nd6 13. f4 Nc4 14. Bc1 Rb8 15.
b3 Qf5 16. Kh1 Bxd4 17. cxd4 Ba6 18. Re1 h5 19. Nc3 Nb6 20. Be3 Re6 21. Ne2 h4
22. Ng1 Rg6 23. Nf3 Rh6 24. Nd2 Bd3 25. Rc1 Rg6 26. Kg1 Re8 27. Rc3 c5 28. Rxc5
Ree6 29. Kf2 Rxg2+ 30. Kxg2 Rg6+ 31. Kf2 Qh3 32. Rg1 Qxh2+ 33. Ke1 Rxg1+ 34. Bxg1
Qxg1+ 35. Nf1 Qxf1+ 36. Kd2 Qxd1+ 37. Kxd1 h3 38. Kd2 Nc4+ 39. Kxd3 h2 40. bxc4
dxc4+ 41. Rxc4 h1=Q 42. Rxc7 Qf3+ 43. Kc4 Qxf4 44. Rxa7 g5 45. a4 Qe4 46. a5 Qc6+
47. Kd3 g4 48. Ke3 g3 49. a6 g2 50. Kf2 Qc2+ 51. Kg1 Qe2 0-1

[Event "XV MIEDZYNARODOWY FESTIWAL SZACHOWY PERLA BALTYKU - GRUPA A"]
[Site "LAZY"]
[Date "1899-12-30"]
[Round "4.15"]
[White "Lambrecht, Tomasz"]
[Black "Sypien, Natan"]
[Result "0-1"]
[WhiteTitle "II"]
[BlackTitle "I"]
[WhiteElo "1601"]
[BlackElo "1769"]

1. d4 Nf6 2. c4 e6 3. Nc3 Bb4 4. Qc2 O-O 5. a3 Bxc3+ 6. Qxc3 b6 7. Nh3 Bb7 8. f3
d5 9. e3 Nbd7 10. b3 c5 11. dxc5 bxc5 12. Bb2 Qb6 13. Bd3 e5 14. Bc2 d4 15. Qd2
e4 16. exd4 exf3 17. d5 Rfe8+ 18. Kd1 Ne4 19. Qf4 fxg2 20. Rg1 Qg6 21. Qf3 Ne5
22. Qxe4 Qh5+ 23. Kc1 Qxh3 24. Qxg2 Qe3+ 25. Kb1 g6 26. Rf1 0-1

[Event "XV MIEDZYNARODOWY FESTIWAL SZACHOWY PERLA BALTYKU - GRUPA A"]
[Site "LAZY"]
[Date "1899-12-30"]
[Round "4.16"]
[White "Ulrych, Wojciech"]
[Black "Siekanska, Zuzanna"]
[Result "1-0"]
[WhiteTitle "I++"]
[BlackTitle "I"]
[WhiteElo "1870"]
[BlackElo "1582"]

1. e4 c5 2. Nc3 e6 3. g3 d6 4. Bg2 Nf6 5. d3 Nc6 6. Nge2 Be7 7. O-O a6 8. h3 Qc7
9. Be3 b5 10. Qd2 Bb7 11. f4 Rd8 12. Bf2 d5 13. e5 Nd7 14. Rae1 Nb6 15. g4 b4
16. Nd1 d4 17. Ng3 c4 18. dxc4 Nxc4 19. Qd3 Nb6 20. Nh5 g6 21. Nf6+ Bxf6 22. exf6
h5 23. f5 gxf5 24. Bg3 f4 25. Bxf4 Qd7 26. Nf2 Nd5 27. Bd2 Qc7 28. Qc4 Qd7 29.
g5 Rg8 30. Ne4 Nb6 31. Qb3 Qd5 32. Qf3 Ne5 33. Qxh5 Nbc4 34. Bxb4 Qb5 35. Be7
Rb8 36. b3 Bxe4 37. bxc4 Qxc4 38. Rxe4 Ng6 39. Qf3 Qxa2 40. Rxd4 Nxe7 41. fxe7
1-0

[Event "XV MIEDZYNARODOWY FESTIWAL SZACHOWY PERLA BALTYKU - GRUPA A"]
[Site "LAZY"]
[Date "1899-12-30"]
[Round "4.17"]
[White "Sloniewska, Alicja"]
[Black "Sokolowski, Ryszard"]
[Result "0-1"]
[WhiteTitle "I"]
[BlackTitle "k"]
[WhiteElo "1531"]
[BlackElo "2064"]

1. d4 e6 2. c4 b6 3. Nc3 Bb7 4. Bf4 Nf6 5. e3 Be7 6. Nf3 d6 7. Be2 O-O 8. O-O Nh5
9. Bg3 Nxg3 10. hxg3 Nd7 11. Qc2 c5 12. dxc5 bxc5 13. Rfd1 Qb6 14. Rd2 Rfd8 15.
Ne1 Ne5 16. b3 Rac8 17. Nd3 Qc6 18. f3 Bg5 19. Nf4 Bh6 20. Nd1 g5 21. Nd3 Bg7
22. Rc1 f5 23. N1f2 h5 24. Bf1 Ng6 25. f4 g4 26. Nd1 Rc7 27. Nc3 a6 28. Rcd1 h4
29. Ne2 Bf6 30. Ne1 Rh7 31. Rd3 Qc7 32. gxh4 Rxh4 33. Ng3 Be4 34. Nxe4 fxe4 35.
R3d2 g3 36. Nf3 Qh7 37. Nxh4 Qxh4 38. Bd3 Qh2+ 39. Kf1 Qh1+ 40. Ke2 Qxg2+ 41.
Ke1 Qg1+ 42. Ke2 Qf2# 0-1

[Event "XV MIEDZYNARODOWY FESTIWAL SZACHOWY PERLA BALTYKU - GRUPA A"]
[Site "LAZY"]
[Date "1899-12-30"]
[Round "4.18"]
[White "Zabron, Maksym"]
[Black "Lazniewski, Tadeusz"]
[Result "1-0"]
[WhiteTitle "I"]
[BlackTitle "II+"]
[WhiteElo "1797"]
[BlackElo "1518"]

1. d4 d5 2. c4 e6 3. Nc3 c6 4. e3 Nf6 5. Nf3 Bd6 6. Qc2 O-O 7. b3 b6 8. Bd3 Re8
9. Bb2 Bb7 10. O-O Nbd7 11. e4 dxe4 12. Nxe4 Nxe4 13. Bxe4 Nf6 14. Ne5 Bxe5 15.
dxe5 Nxe4 16. Qxe4 Qg5 17. Ba3 Qg6 18. Qxg6 hxg6 19. c5 b5 20. Rfd1 Red8 21. Rd6
Rxd6 22. cxd6 Bc8 23. Bc5 a6 24. f4 Rb8 25. Rc1 Bd7 26. Bb4 Ra8 27. Ba5 Ra7 28.
Kf2 Rb7 29. Ke3 Kh7 30. Kd4 Rb8 31. Rc3 Kg8 32. g4 Kh7 33. g5 Kg8 34. Kc5 Kh7
35. Bc7 Rb7 36. Kb4 Kg8 37. Ka5 b4 38. Rc4 Rb5+ 39. Kxa6 Bc8+ 40. Ka7 Rb7+ 41.
Ka8 Rb5 42. Rd4 Bd7 43. Ka7 Kf8 44. Bb6 Ke8 45. Rc4 Rd5 46. Kb7 Rb5 47. Kc7 c5
48. Rxc5 Rxc5+ 49. Bxc5 1-0

[Event "XV MIEDZYNARODOWY FESTIWAL SZACHOWY PERLA BALTYKU - GRUPA A"]
[Site "LAZY"]
[Date "1899-12-30"]
[Round "4.19"]
[White "Kruczynski, Marek"]
[Black "Plocica, Krzysztof"]
[Result "1/2-1/2"]
[WhiteTitle "I"]
[BlackTitle "I"]
[WhiteElo "1744"]
[BlackElo "1656"]

1. e4 e5 2. Ne2 Nf6 3. f4 d6 4. c3 Nxe4 5. Qa4+ Nc6 6. Qxe4 f5 7. Qd5 Qe7 8. d3
Be6 9. Qb5 O-O-O 10. Be3 exf4 11. Bf2 Ne5 12. Kd2 Qg5 13. Kc2 f3 14. gxf3 Nxf3
15. Qa4 Bd5 16. Qf4 Qxf4 17. Nxf4 Ne1+ 18. Bxe1 Bxh1 19. Nd2 g5 20. Ne6 Re8 21.
Nxg5 h6 22. Nh3 Be7 23. Nf4 Bg5 24. Bg3 Bc6 25. Bh3 Bd7 26. Rf1 h5 27. Nf3 h4
28. Nxg5 hxg3 29. hxg3 Reg8 30. Nf3 Rxg3 31. Ng1 Rh4 32. d4 c6 33. b4 Rxg1 34.
Rxg1 Rxf4 35. Rg8+ Kc7 36. Rg7 Rf3 37. Rh7 b6 38. Kd2 a5 39. Ke2 Rf4 40. Ke3 Re4+
41. Kf3 Re8 42. Bxf5 Rd8 43. a3 axb4 44. axb4 Kc8 45. Bxd7+ Rxd7 46. Rh8+ Kc7
1/2-1/2

[Event "XV MIEDZYNARODOWY FESTIWAL SZACHOWY PERLA BALTYKU - GRUPA A"]
[Site "LAZY"]
[Date "1899-12-30"]
[Round "4.20"]
[White "Sowinski, Pawel"]
[Black "Morczynski, Joachim"]
[Result "0-1"]
[WhiteTitle "I+"]
[BlackTitle "III"]
[WhiteElo "1644"]
[BlackElo "1733"]

1. e4 g6 2. d4 Bg7 3. Nc3 a6 4. e5 d6 5. f4 dxe5 6. dxe5 Qxd1+ 7. Kxd1 Be6 8. Nf3
Nc6 9. Bd3 O-O-O 10. Be3 Nh6 11. Ke2 Nf5 12. Rad1 f6 13. exf6 Bxf6 14. Be4 Ncd4+
15. Bxd4 Nxd4+ 16. Nxd4 Bxd4 17. Rd2 Bg4+ 18. Bf3 Bxf3+ 19. gxf3 Bxc3 20. bxc3
Rxd2+ 21. Kxd2 Rf8 22. Ke3 Kd7 23. Rd1+ Kc6 24. a4 Rf5 25. Ke4 Rc5 26. Rd3 Rc4+
27. Ke5 Rxa4 28. f5 Ra5+ 29. Ke6 Rxf5 30. Kxe7 Rh5 31. Rd2 Re5+ 32. Kf6 Rf5+ 33.
Kg7 Rh5 34. f4 a5 35. Re2 Kd5 36. Rd2+ Kc4 37. Rd7 c6 38. Rxb7 Kxc3 39. Rc7 c5
40. Ra7 c4 41. Rf7 Kxc2 42. f5 Rxf5 43. Rxf5 gxf5 44. Kxh7 a4 45. h4 a3 46. h5
a2 47. h6 a1=Q 0-1

[Event "XV MIEDZYNARODOWY FESTIWAL SZACHOWY PERLA BALTYKU - GRUPA A"]
[Site "LAZY"]
[Date "1899-12-30"]
[Round "4.21"]
[White "Kutowski, Marcel"]
[Black "Bochenek, Ryszard"]
[Result "1-0"]
[WhiteTitle "I"]
[BlackTitle "II"]
[WhiteElo "1659"]
[BlackElo "1358"]

1. e4 e6 2. d4 d5 3. e5 c5 4. c3 Qb6 5. Nf3 Bd7 6. Be2 Bb5 7. O-O Bxe2 8. Qxe2
Nc6 9. Be3 cxd4 10. cxd4 Nge7 11. Nc3 Nf5 12. a3 h5 13. b4 Rc8 14. Rac1 Be7 15.
b5 Na5 16. Nxd5 Qd8 17. Rxc8 Qxc8 18. Nxe7 Kxe7 19. Rc1 Qd7 20. Qc2 Nxe3 21. fxe3
Rd8 22. Qc5+ Ke8 23. Qb4 b6 24. Ng5 Rc8 25. Rf1 1-0

[Event "XV MIEDZYNARODOWY FESTIWAL SZACHOWY PERLA BALTYKU - GRUPA A"]
[Site "LAZY"]
[Date "1899-12-30"]
[Round "4.22"]
[White "Smietanska, Wiktoria"]
[Black "Pacuszka, Wioletta"]
[Result "1/2-1/2"]
[WhiteTitle "CM"]
[BlackTitle "I++"]
[WhiteElo "1595"]
[BlackElo "1836"]

1. c4 e6 2. Nc3 d5 3. cxd5 exd5 4. d4 Nf6 5. Bg5 Be7 6. e3 O-O 7. Bd3 Nbd7 8. Nf3
b6 9. Qc2 Bb7 10. O-O h6 11. Bxf6 Nxf6 12. a3 a6 13. b4 Bd6 14. Rfc1 Qe7 15. Na4
Rac8 16. Qe2 Ra8 17. Rc3 Ne4 18. Rb3 a5 19. b5 Rfe8 20. Qc2 Bc8 21. Bxe4 dxe4
22. Nd2 Be6 23. Rc3 Bd5 24. Nc4 Bxc4 25. Rxc4 Qg5 26. Rb1 Re6 27. Nc3 Rae8 28.
a4 Rg6 29. g3 f5 30. Kf1 Qg4 31. h4 Qf3 32. Ke1 Qh1+ 33. Ke2 Qf3+ 34. Ke1 Qh1+
35. Ke2 Qf3+ 36. Ke1 1/2-1/2

[Event "XV MIEDZYNARODOWY FESTIWAL SZACHOWY PERLA BALTYKU - GRUPA A"]
[Site "LAZY"]
[Date "1899-12-30"]
[Round "4.23"]
[White "Kusiak, Mateusz"]
[Black "Cyra, Dariusz"]
[Result "0-1"]
[WhiteTitle "I"]
[BlackTitle "I"]
[WhiteElo "1514"]
[BlackElo "1791"]

1. e4 d5 2. exd5 Nf6 3. d4 Bg4 4. Be2 Bxe2 5. Qxe2 Qxd5 6. Nf3 Nc6 7. c4 Qf5 8.
O-O O-O-O 9. d5 Nb4 10. Ne5 Nd7 11. f4 h5 12. Rf2 Nc5 13. Nc3 Nbd3 14. Nxd3 Qxd3
15. f5 e6 16. fxe6 fxe6 17. dxe6 Re8 18. Bg5 Qg6 19. e7 Qxg5 20. Rxf8 Rhxf8 21.
exf8=Q Rxf8 22. b4 Qf6 23. Rc1 Qd4+ 24. Kh1 Nd3 25. Qe6+ Kb8 26. Ne2 Nf2+ 27.
Kg1 Nh3+ 0-1

[Event "XV MIEDZYNARODOWY FESTIWAL SZACHOWY PERLA BALTYKU - GRUPA A"]
[Site "LAZY"]
[Date "1899-12-30"]
[Round "4.24"]
[White "Pyzio, Amelia"]
[Black "Wojtowicz, Wojciech"]
[Result "1/2-1/2"]
[WhiteTitle "I++"]
[BlackTitle "II"]
[WhiteElo "1616"]
[BlackElo "1683"]

1. e4 c5 2. Nf3 d6 3. d4 cxd4 4. Nxd4 Nf6 5. f3 a6 6. c4 g6 7. Be3 Bg7 8. Nc3 O-O
9. Be2 Bd7 10. Qd2 e6 11. O-O Qc7 12. Rfd1 Rd8 13. Rac1 Nc6 14. Nb3 Be8 15. Nd5
exd5 16. cxd5 Qe7 17. dxc6 Bxc6 18. Na5 d5 19. Bb6 Rd7 20. Nxc6 bxc6 21. Rxc6
dxe4 22. Qc2 Rxd1+ 23. Qxd1 Qb7 24. Qd6 Ne8 25. Qd5 Nf6 26. Qd6 Ne8 1/2-1/2

[Event "XV MIEDZYNARODOWY FESTIWAL SZACHOWY PERLA BALTYKU - GRUPA A"]
[Site "LAZY"]
[Date "1899-12-30"]
[Round "5.1"]
[White "Koziak, Vitali"]
[Black "Grzesik, Gracjan"]
[Result "1-0"]
[WhiteTitle "IM"]
[BlackTitle "I+"]
[WhiteElo "2473"]
[BlackElo "1973"]

1. d4 Nf6 2. c4 e6 3. Nf3 c5 4. e3 cxd4 5. exd4 d5 6. Nc3 Bb4 7. cxd5 Nxd5 8. Qc2
Nc6 9. Bd3 h6 10. O-O O-O 11. Ne4 Qb6 12. a3 Be7 13. Be3 e5 14. dxe5 Nxe3 15.
fxe3 Bg4 16. Qc3 Rac8 17. Nd6 Bxd6 18. exd6 Qxe3+ 19. Kh1 Qe6 20. Rad1 Bxf3 21.
gxf3 Ne5 22. Qd4 Rfd8 23. Be4 Nc6 24. Qd5 Qxd5 25. Rxd5 g6 26. Rg1 Kf8 27. h4
h5 28. f4 f5 29. Bb1 Kf7 30. Ba2 Kg7 31. Rxf5 Rxd6 32. Rxh5 Nd4 33. Rd5 Rxd5 34.
Bxd5 b6 35. h5 Rc5 36. Rxg6+ Kh7 37. Rd6 Ne2 38. h6 Rc8 39. Rf6 Rd8 40. Be4+ Kh8
41. Kg2 Rg8+ 42. Kf3 Nd4+ 43. Ke3 Rd8 44. Rf7 a5 45. Rb7 b5 46. f5 Kg8 47. f6
Kh8 48. Re7 b4 49. Rh7+ Kg8 50. f7+ Kf8 51. Rh8+ Ke7 52. Rxd8 1-0

[Event "XV MIEDZYNARODOWY FESTIWAL SZACHOWY PERLA BALTYKU - GRUPA A"]
[Site "LAZY"]
[Date "1899-12-30"]
[Round "5.2"]
[White "Luba, Lukasz"]
[Black "Swicarz, Maciej"]
[Result "0-1"]
[WhiteTitle "I++"]
[BlackTitle "m"]
[WhiteElo "2177"]
[BlackElo "2341"]

1. Nf3 Nf6 2. b3 d5 3. Bb2 Bg4 4. h3 Bxf3 5. exf3 Nbd7 6. d4 e6 7. Bd3 Bd6 8. Nc3
c6 9. Ne2 e5 10. c3 O-O 11. Bc2 exd4 12. cxd4 Re8 13. O-O Nh5 14. Qd3 Nf8 15.
g3 Re6 16. Bc3 Qd7 17. Kh2 Rae8 18. Rae1 Rh6 19. Ng1 Rxe1 20. Rxe1 Qc7 21. f4
Bxf4 22. Re8 Bd6 23. Bd2 Rg6 24. Qe2 Nf6 25. Bxg6 Nxe8 26. Bxh7+ Kxh7 27. Qxe8
Ne6 28. Nf3 Qe7 29. Qc8 a6 30. Kg2 g6 31. h4 Qc7 32. Qe8 Qe7 33. Qc8 f6 34. Be3
Kg7 35. h5 g5 36. h6+ Kh7 37. a4 Qf7 38. Kf1 Bf8 39. Ke2 Bxh6 40. Kd3 Bf8 41.
Kc3 Qe7 42. Kc2 Kg7 43. b4 Kf7 44. Bd2 g4 45. Nh4 Nxd4+ 46. Kc3 Qxb4+ 47. Kd3
Qc4+ 48. Ke3 Nc2# 0-1

[Event "XV MIEDZYNARODOWY FESTIWAL SZACHOWY PERLA BALTYKU - GRUPA A"]
[Site "LAZY"]
[Date "1899-12-30"]
[Round "5.3"]
[White "Cukrowski, Filip"]
[Black "Kopaczewski, Adam"]
[Result "1-0"]
[WhiteTitle "FM"]
[BlackTitle "I++"]
[WhiteElo "2421"]
[BlackElo "2046"]

1. e4 e5 2. Nf3 Nc6 3. Bb5 a6 4. Ba4 d6 5. c3 f5 6. exf5 Bxf5 7. O-O Bd3 8. Re1
Be7 9. Bc2 Bxc2 10. Qxc2 Nf6 11. d4 e4 12. Ng5 d5 13. f3 h6 14. Nh3 O-O 15. Nd2
exf3 16. Nxf3 Rf7 17. Qg6 Bd6 18. Ne5 Bxe5 19. dxe5 Ne4 20. Bxh6 Nxe5 21. Qe6
gxh6 22. Qxe5 c6 23. c4 Qf6 24. Qxf6 Nxf6 25. cxd5 Nxd5 26. Nf2 Nf6 27. Rad1 Re8
28. Rxe8+ Nxe8 29. Ng4 Kg7 30. Ne3 Nf6 31. g3 Kg6 32. Kg2 Re7 33. Kf3 Ne4 34.
h4 h5 35. Kf4 Nf6 36. Rd4 a5 37. Kf3 Re5 38. Rd6 Kg7 39. a4 Rc5 40. Kf4 b5 41.
Nf5+ Kf7 42. Nd4 Nd5+ 43. Ke4 bxa4 44. Rxc6 Rxc6 45. Nxc6 Ke6 46. Nd8+ Kd6 47.
Nb7+ Ke6 48. Nc5+ Kd6 49. Nxa4 Ne7 50. b3 Ke6 51. Nc5+ Kf6 52. Nb7 Nc6 53. Nd6
Nd8 54. Nc4 Nc6 55. Kf4 Nd4 56. Nxa5 Ne2+ 57. Kf3 Nd4+ 58. Ke3 Ne6 59. Nc6 Nc7
60. Ke4 Nb5 61. b4 Nc3+ 62. Kd3 Nb5 63. Nd4 Nd6 64. b5 Ke5 65. b6 Nb7 66. Ne2
Kf5 67. Nf4 Kg4 68. Nxh5 Kxh5 69. Ke4 1-0

[Event "XV MIEDZYNARODOWY FESTIWAL SZACHOWY PERLA BALTYKU - GRUPA A"]
[Site "LAZY"]
[Date "1899-12-30"]
[Round "5.4"]
[White "Korosciel, Aneta"]
[Black "Klusak, Piotr"]
[Result "1-0"]
[WhiteTitle "m"]
[BlackTitle "k"]
[WhiteElo "1983"]
[BlackElo "2152"]

1. d4 Nf6 2. Nf3 e6 3. Bf4 d5 4. e3 c5 5. c3 Nc6 6. Nbd2 Bd6 7. Bg3 O-O 8. Bd3
b6 9. Ne5 Bb7 10. O-O Qc7 11. f4 g6 12. Bh4 Be7 13. Qe1 Ne8 14. Qg3 Ng7 15. Ng4
f5 16. Ne5 Qd8 17. Bxe7 Qxe7 18. Be2 Rad8 19. h4 Kh8 20. Nxc6 Bxc6 21. Qg5 Qe8
22. Nf3 Nh5 23. Ne5 Nf6 24. Rf3 Bb5 25. Bd1 Ne4 26. Qh6 Rg8 27. h5 gxh5 28. Rh3
Qe7 29. Bxh5 Be8 30. Bf7 Nf6 31. Bxg8 Nxg8 32. Qh4 Qxh4 33. Rxh4 Nf6 34. Kf2 h5
35. Rc1 Ng4+ 36. Nxg4 fxg4 37. dxc5 bxc5 38. b4 c4 39. a4 Kg7 40. Rch1 Kf6 41.
Kg3 Bxa4 42. Rxh5 Bc2 43. Ra1 Rd7 44. Kxg4 Rg7+ 45. Rg5 Bf5+ 46. Kh4 Bg6 47. Kg3
Rd7 48. Ra6 Bf5 49. Rg8 Rh7 50. Rf8+ Ke7 51. Rxf5 1-0